000 00571nam a22002177a 4500
008 150925b xxu||||| |||| 00| 0 eng d
020 _a9780205649907
020 _a0205649904
041 0 _aeng
080 _a159.9
100 1 _aButcher, James Neal,
245 1 0 _aAbnormal psychology.
250 _a14th ed. /
_bJames N. Butcher, Susan Mineka, Jill M. Hooley.
260 _aBoston :
_bPearson,
300 _a632 f.:
_bme il.;
_c29 cm.
650 0 _aPsikologji
650 0 _aPsikiatri
700 1 _aMineka, Susan.
700 1 _aHooley, Jill M.
942 _2udc
_cBK
999 _c1183
_d1183